000 00501nam a22001577a 4500
008 160408b xxu||||| |||| 00| 0 eng d
020 _a9788120757417
082 _22011
_aDC 006.686
_bM66
100 _94997
_aMinhas, Davinder Singh
245 _aDrag and drop:
_bphotoshop CS3/
_cDavinder Singh Minhas
260 _aNew Delhi:
_bSterling Publishers Limited, Inc.,
_cc2011.
300 _a40 pages:
_billustrations;
_c28 cm.
650 0 _94998
_aAdobe photoshop
365 _b210.00
_cPhp.
942 _2ddc
_cDC
999 _c1601
_d1601